01926nam a2200241Ia 4500001000600000003000900006008004100015040001300056040001300069041001300082100001800095100002900113245005100142245005100193250001100244260001100255260003300266260004900299300005600348500121600404650003301620650003101653F6052IT-RoPAU130308s9999 xx 000 0 und d aIT-RoPAU cIT-RoPAU aITALIANO aSitta Giorgio gCodice Aut. SPICS: 51929 aInternet senza fatica per non perdere la rotta bInternet senza fatica per Non Perdere la Rotta a1a ed. aMILANO bMcgraw Hill Libri Italia Srl c1998 [1° Ed.:1998 - Ed.Ling.Originale:1998] a"272 p. (prefazione: 10; testo: 262 [pagine: 0-0])" aConoscere Internet: Cos'E' e Come Puo' Essere Utile. Storia di Internet: Sviluppo del Software, Democratizzazione della Rete, Rivoluzione del Www, Browser, Come Funziona Internet. Prima di Connettersi: scelta dell'Hardware Edel Modem, Installare Modem e Software, scelta di un internet Service Provider, configurazione del Sistema Operativo, Configurare Windows 95 e 98, software Indispensabili. Navigazione: Browser, Microsoft internet Explorer, Netscape Communicator, Hotjava, Opera. Posta Elettronica: Come Funziona L'E Mail, Eudora, Microsoft Outlook Express, Netscape, Mailing List, Alternativa Ai Mailer Tradizionali. gusto della Discussione: Rete Usenet, Organizzazione, classificazione e consultazione dei Newsgroup, requisiti del Newsreader, Agent, Microsoft Outlook Express, Netscape Messenger, Hotmail. protocollo Ftp: Ftp Client, Trasferimento, Download con Cuteftp, Consultare un sito Ftp, Shareware, Compressione, Download con Il Browser. Aspetti della Rete: Altri Protocolli e Servizi: Gopher, Telnet, canali Chat, internet Relay Chat, motori di Ricerca, utilizzare Altavista, Opzioni Avanzate, Operatori di Ricerca. Homepage con Frontpage, Telefonate e Videoconferenze con Netmeeting. Glossario. aTEORIA DELLA MULTIMEDIALITA' eCodice materia Spics: 4253